New Orleans Saints Head Coaches by Picture - Statistics

General Stats
  • This quiz has been taken 23 times
    4 since last reset
  • The average score is 7 of 19
Answer Stats
Picture Hint Answer % Correct
2006-2011 | 2013-2021 Sean Payton
100%
1981-1985 Bum Phillips
75%
2022-2024 Dennis Allen
75%
1986-1996 Jim E. Mora
75%
2025-Present Kellen Moore
75%
1997-1999 Mike Ditka
75%
1985 Wade Phillips
75%
1978-1980 Dick Nolan
25%
1976-1977 Hank Stram
25%
2000-2005 Jim Haslett
25%
2012 Joe Vitt
25%
1967-1970 Tom Fears
25%
2012 Aaron Kromer
0%
2024 Darren Rizzi
0%
1980 Dick Stanfel
0%
1975 Ernie Hefferle
0%
1970-1972 J. D. Roberts
0%
1973-1975 John North
0%
1996 Rick Venturi
0%
No matching quizzes found
Score Distribution
Percent of People with Each Score
Percentile by Number Answered
Your Score History
You have not taken this quiz since the last reset